| 000 | 00860cam a2200265 a 4500 | ||
|---|---|---|---|
| 001 | 724539 | ||
| 005 | 20240604064207.0 | ||
| 008 | 980313s1998 mou b s001 0 eng | ||
| 020 | _a0826211755 (alk. paper) | ||
| 040 |
_aDLC _cDLC _dDLC |
||
| 082 | 0 | 0 |
_a820.8/09287/09034 _221 _bFAL |
| 100 | 1 | _aLogan, Deborah Anna, | |
| 245 | 1 | 0 |
_aFallenness in Victorian women's writing : _bmarry, stitch, die, or do worse / _cDeborah Anna Logan. |
| 260 |
_aColumbia : _bUniversity of Missouri Press, _c1998. |
||
| 300 | _ax, 236 p. ; | ||
| 650 | 0 | _aEnglish literature | |
| 650 | 0 | _aWomen and literature | |
| 650 | 0 | _aEnglish literature | |
| 650 | 0 | _aUnmarried mothers in literature. | |
| 650 | 0 | _aMoral conditions in literature. | |
| 650 | 0 | _aSocial problems in literature. | |
| 650 | 0 | _aProstitutes in literature. | |
| 650 | 0 | _aWomen in literature. | |
| 942 | _cL | ||
| 999 |
_c5877 _d5877 |
||